| 000 | 01078nam a2200229Ia 4500 | ||
|---|---|---|---|
| 003 | OSt | ||
| 005 | 20210609172839.0 | ||
| 008 | 210310s2013 sp ad gr 000 0 spa d | ||
| 020 | _a9783846571835 | ||
| 040 |
_aCO-JMCR _cCO-JMCR |
||
| 041 | 0 | _aspa | |
| 082 | 0 | 4 |
_a331.137 / _bB168r _223 |
| 100 | 1 |
_aBaquero Latorre, Marco _926581 |
|
| 245 | 1 | 0 |
_aRespuesta del desempleo a variaciones de la producción : _bcuantificación para ecuador a partir d la ley de Okun / _cMarco Baquero Latorre. |
| 260 |
_aEspaña : _bEditorial academia Española, _c2013. |
||
| 300 |
_a52 páginas : _bilustraciones y gráficas en blanco y negro ; _c23 cm. |
||
| 501 | _aCon : notas a pie de página y datos biográficos del autor en tapa posterior. | ||
| 505 | 0 | _aMetodología de Okun. -- Resultados de Okun. -- Estimaciones del coeficiente de Okun: otros países. -- Robustez de los coeficientes estimados. -- Estimación del producto potencial y de las brechas de producto. | |
| 650 | 1 | 4 |
_aDesempleo _xcuantificación _938266 |
| 650 | 2 | 4 |
_aVariación del desempleo _938267 |
| 942 |
_2ddc _cBK |
||
| 999 |
_c11839 _d11839 |
||